| 000 | 03662nab a2200265 i 4500 | ||
|---|---|---|---|
| 003 | BR-BrBNA | ||
| 005 | 20250701133231.0 | ||
| 008 | 250630b2019 bl.ar|pooa||| 00| 0 eng | | ||
| 040 |
_aBR-BrBNA _beng |
||
| 072 | _aF40 | ||
| 100 | _aFontes, Anderson Lopes | ||
| 100 | _aValentin-Silva, Adriano | ||
| 100 | _aVieira, Milene Faria | ||
| 245 | _aReproductive phenology of Ditassa burchellii (Apocynaceae, Asclepiadoideae), a herbaceous vine, in a semi-deciduous forest from Brazil | ||
| 500 | _aPublicação on-line; Bibliography p. 7-8 (51 ref.); 2 tables; 3 illus.; Summaries (En, Pt) | ||
| 520 | _a Abstract We analyzed the reproductive phenology of Ditassa burchellii and the influence of abiotic factors on the species phenophases. The study was conducted on individuals of a natural population from a semi-deciduous forest (Viçosa municipality, Minas Gerais state, southeastern Brazil). We quantified the activity and intensity indices of the following phenophases: flower bud, flower, immature fruit, and dehiscent fruit. To test for seasonality of phenophases, we analyzed each of them using Rayleigh test. We evaluated whether there was any association between abiotic variables (mean temperature, rainfall, and day length) and phenophases, in the month of occurrence and in the three months prior to the occurrence of each phenophase. The analyzed phenophases occurred mainly at the end of the rainy season and during the dry season, with overlapping periods, but with sequential peaks. The periods of occurrence of reproductive phenophases were similar to the ones in other climbing species and were mainly related to the dispersal mode. All phenophases were seasonal and were associated with at least one abiotic variable, either in the month of their occurrence or in the previous months. Key words: anemochory, Atlantic Forest, flowering, fruiting, seasonality. Resumo Analisamos a fenologia reprodutiva de Ditassa burchellii e a influência de fatores abióticos em suas fenofases. O estudo foi realizado em indivíduos de população natural em floresta estacional semidecídua (Viçosa, Minas Gerais, sudeste do Brasil). Quantificamos os índices de atividade e de intensidade das seguintes fenofases: botões florais, flores, frutos imaturos e frutos deiscentes. Para testar a sazonalidade dessas fenofases, analisamos cada uma usando o teste de Rayleigh. Avaliamos se houve associação entre as variáveis abióticas (temperatura média, precipitação e comprimento do dia) e as fenofases, no mês de ocorrência e também nos três meses anteriores à ocorrência de cada fenofase. As fenofases ocorreram principalmente no fim da estação chuvosa e durante a estação seca, com períodos sobrepostos, mas com picos sequenciais. Os períodos de ocorrência das fenofases reprodutivas foram similares aos de outras espécies de lianas e foram relacionados principalmente com o modo de dispersão. Todas as fenofases foram sazonais e foram associadas a pelo menos uma das variáveis abióticas, no mês de sua ocorrência ou nos meses anteriores. Palavras-chave: anemocoria, Floresta Atlântica, floração, frutificação, sazonalidade. | ||
| 650 | _aFLORESTA ATLÂNTICA | ||
| 650 | _aFLORA | ||
| 650 | _aFRUTIFICAÇÃO | ||
| 650 | _aVARIAÇÃO SAZONAL | ||
| 773 | 0 |
_0709 _9351354 _dRio de Janeiro-RJ Jardim Botanico do Rio de Janeiro 1935 _o2025-3977 _tRodriguésia (Brazil) _x0370-6583; 2175-7860 on-line _gv. 70 p. 1-8; (2019) _wBR2025003117 |
|
| 856 | _uhttps://www.scielo.br/j/rod/a/ZXNMwrhQFQYfMtGzbjQfvZm/?format=pdf&lang=en | ||
| 942 | _cANA | ||
| 999 |
_c332342 _d332342 |
||